[Event "Autunno Scacchistico Magistrale"]
[Site "Venezia ITA"]
[Date "2005.10.30"]
[Round "2"]
[White "Omeri, Silvan"]
[Black "Tomelleri, Alessio"]
[Result "1-0"]
[WhiteElo "2128"]
[BlackElo "1994"]
[PlyCount "53"]
[EventDate "2005.10.29"]

1.e4 d6 2.d4 Nf6 3.Bd3 e5 4.d5 Be7 5.Nf3 h6 6.h3 Nh7 7.Be3 Ng5 8.Nbd2 c6 
9.c4 O-O 10.g4 Nxf3+ 11.Nxf3 g5 12.Qd2 f6 13.Ke2 Kg7 14.Rag1 Rh8 15.h4 c5 
16.Qc1 a5 17.hxg5 hxg5 18.Rxh8 Kxh8 19.Rh1+ Kg7 20.Qg1 Qg8 21.Rh5 Kg6 22.
Qg3 Na6 23.Qh3 Qg7 24.Nh2 Bd7 25.f4 gxf4 26.Bxf4 Bf8 27.Rh8 1-0

[Event "Autunno Scacchistico Magistrale"]
[Site "Venezia ITA"]
[Date "2005.10.30"]
[Round "2"]
[White "Pastres, Roberto"]
[Black "Djuric, Stefan"]
[Result "0-1"]
[WhiteElo "2160"]
[BlackElo "2460"]
[PlyCount "78"]
[EventDate "2005.10.29"]

1.e4 c5 2.Nf3 a6 3.g3 Nc6 4.Bg2 d5 5.exd5 Qxd5 6.O-O Nf6 7.d3 Qh5 8.Ng5 
Qxd1 9.Rxd1 Nd4 10.Rd2 h6 11.Nf3 Bh3 12.Bh1 Nc6 13.a4 g5 14.Na3 Bg7 15.Nc4
Nd7 16.c3 O-O-O 17.Rd1 Kc7 18.Be3 e5 19.d4 exd4 20.cxd4 cxd4 21.Nxd4 Nxd4 
22.Bxd4 Bxd4 23.Rxd4 Nc5 24.Rxd8 Rxd8 25.Ne3 Nb3 26.Rd1 Rxd1+ 27.Nxd1 Nc5 
28.Nc3 Nd3 29.Bd5 Be6 30.Bxe6 fxe6 31.b3 Kd6 32.Kg2 Ke5 33.Na2 Kd4 34.Kf3 
e5 35.Ke2 Nc5 36.Nc1 Kc3 37.Ke3 a5 38.f3 Kc2 39.Ne2 Kxb3 0-1

[Event "Autunno Scacchistico Magistrale"]
[Site "Venezia ITA"]
[Date "2005.10.30"]
[Round "2"]
[White "Redo, Giorgio"]
[Black "Zanirato, Stefano"]
[Result "0-1"]
[WhiteElo "2037"]
[BlackElo "1947"]
[PlyCount "62"]
[EventDate "2005.10.29"]

1.f4 Nc6 2.Nf3 d6 3.b3 e5 4.fxe5 dxe5 5.e4 Bg4 6.Bc4 Nh6 7.c3 Qf6 8.O-O 
Bc5+ 9.Kh1 O-O-O 10.Qe2 Qd6 11.b4 Bb6 12.d3 f6 13.a4 a5 14.b5 Ne7 15.Nbd2 
Ng6 16.Nb3 Be6 17.d4 Bxc4 18.Qxc4 exd4 19.cxd4 Rhe8 20.Re1 Ng4 21.Kg1 N6e5
22.Nxe5 Nxe5 23.Qc3 Bxd4+ 24.Nxd4 Qxd4+ 25.Qxd4 Rxd4 26.b6 Nc4 27.Bf4 Nxb6
28.Rec1 Rc4 29.Bd2 Re5 30.Rc3 Rexe4 31.Rd3 Rcd4 0-1

[Event "Autunno Scacchistico Magistrale"]
[Site "Venezia ITA"]
[Date "2005.10.30"]
[Round "2"]
[White "Redo, Stefano"]
[Black "Artigas Isart, Miguel"]
[Result "0-1"]
[WhiteElo "1949"]
[BlackElo "2240"]
[PlyCount "107"]
[EventDate "2005.10.29"]

1.e4 c5 2.Nf3 Nc6 3.Bb5 g6 4.O-O Bg7 5.c3 e5 6.a4 Nge7 7.Na3 O-O 8.Re1 d6 
9.h3 h6 10.Nc2 Be6 11.d4 Bb3 12.d5 Na5 13.Nd2 Rc8 14.Bf1 f5 15.f3 f4 16.
Ra3 Qb6 17.c4 Bf6 18.Bd3 Bh4 19.Rf1 Kh7 20.Qe2 Bxc2 21.Bxc2 Ng8 22.Rd1 Nf6
23.Nf1 Qc7 24.Bd2 Nh5 25.Be1 Bxe1 26.Rxe1 Qb6 27.Rb1 Qb4 28.Rc3 Rf7 29.Qd3
a6 30.Nd2 Qb6 31.Bd1 Qa7 32.Ra1 Qb6 33.Nb3 Ng3 34.Kf2 h5 35.Nd2 Qd8 36.Kg1
Qh4 37.Nf1 g5 38.Qd2 b6 39.Rac1 Rg8 40.Qf2 Rfg7 41.R1c2 g4 42.fxg4 hxg4 
43.Nxg3 gxh3 44.Qf3 Rxg3 45.Qh5+ Qxh5 46.Bxh5 Rxg2+ 47.Kh1 Rxc2 48.Rxc2 
Rg3 49.Be2 Kh6 50.Rc3 Kg5 51.Bf3 Nxc4 52.Rxc4 Rxf3 53.b4 Kg4 54.a5 0-1

[Event "Autunno Scacchistico Magistrale"]
[Site "Venezia ITA"]
[Date "2005.10.30"]
[Round "2"]
[White "Rogulj, Branko"]
[Black "Sarakauskiene, Zivile"]
[Result "0-1"]
[WhiteElo "2393"]
[BlackElo "2161"]
[PlyCount "102"]
[EventDate "2005.10.29"]

1.e4 c5 2.Nc3 e6 3.g3 b6 4.Bg2 Bb7 5.Nge2 a6 6.O-O Qc7 7.f4 d6 8.g4 Nf6 9.
Ng3 Be7 10.g5 Nfd7 11.b3 Nc6 12.Bb2 Nd4 13.Nce2 e5 14.h4 h6 15.Nxd4 cxd4 
16.Nf5 Bf8 17.gxh6 gxh6 18.d3 Rg8 19.Rc1 Nf6 20.Qf3 d5 21.Rfe1 dxe4 22.
dxe4 Qc6 23.fxe5 Nxe4 24.Bxd4 Nd2 25.Nd6+ Bxd6 26.exd6+ Kf8 27.Qxc6 Bxc6 
28.Re2 Nf3+ 29.Kf1 Nxd4 30.Bxc6 Nxc6 31.Rd1 Rd8 32.d7 Rg6 33.c4 Nb8 34.
Rde1 Nxd7 35.Rd1 Re6 36.Red2 Rf6+ 37.Kg2 Ke7 38.Kh3 a5 39.Rd3 Re6 40.R1d2 
Ke8 41.Rd5 Re7 42.Rd6 f6 43.Rg2 Re3+ 44.Kh2 Ke7 45.Rd5 Nf8 46.Rh5 Rdd3 47.
c5 bxc5 48.Rxc5 Ne6 49.Rxa5 Nf4 50.Rc2 Rh3+ 51.Kg1 Rdg3+ 0-1

[Event "Autunno Scacchistico Magistrale"]
[Site "Venezia ITA"]
[Date "2005.10.30"]
[Round "2"]
[White "Rorato, Renzo"]
[Black "Efimov, Igor"]
[Result "0-1"]
[WhiteElo "2149"]
[BlackElo "2403"]
[PlyCount "64"]
[EventDate "2005.10.29"]

1.Nf3 e6 2.c4 c5 3.Nc3 b6 4.g3 Bb7 5.Bg2 Nf6 6.O-O Be7 7.d4 cxd4 8.Qxd4 
O-O 9.b3 d6 10.Bb2 a6 11.Rfd1 Nbd7 12.Nd2 Bxg2 13.Kxg2 Qc7 14.Nde4 Ne8 15.
f3 Rc8 16.Ba3 Nc5 17.Nxc5 bxc5 18.Qf4 f5 19.Rd3 Rf6 20.Rad1 Rg6 21.Qe3 h5 
22.f4 h4 23.Rg1 hxg3 24.hxg3 Kf7 25.Qf3 Nf6 26.e4 Qa5 27.exf5 exf5 28.Bb2 
Rh8 29.Re1 Rh5 30.Rxe7+ Kxe7 31.Qb7+ Kf8 32.Nd5 Qe1 0-1

[Event "Autunno Scacchistico Magistrale"]
[Site "Venezia ITA"]
[Date "2005.10.30"]
[Round "2"]
[White "Sarakauskas, Gediminas"]
[Black "Pietrobon, Fabio"]
[Result "1-0"]
[WhiteElo "2437"]
[BlackElo "2166"]
[PlyCount "77"]
[EventDate "2005.10.29"]

1.c4 Nf6 2.Nc3 g6 3.e4 d6 4.d4 Bg7 5.Nf3 O-O 6.Be2 e5 7.Be3 Ng4 8.Bg5 f6 
9.Bh4 Nc6 10.d5 Ne7 11.Nd2 Nh6 12.f3 g5 13.Bf2 Ng6 14.g4 Nf4 15.h4 Ng2+ 
16.Kf1 Nxh4 17.Bxh4 gxh4 18.Qe1 f5 19.exf5 Bxf5 20.gxf5 Nxf5 21.Nde4 Bh6 
22.Nd1 Kh8 23.a4 Qe7 24.Ra3 Bf4 25.Bd3 Rg8 26.Ndf2 Raf8 27.Bb1 Rg7 28.Ke2 
Bg3 29.Kd1 Nd4 30.Nd2 Qf7 31.Be4 Qh5 32.Qf1 Rgf7 33.Nh3 c6 34.Ng1 Qg5 35.
Ne2 Nf5 36.Bxf5 Rxf5 37.Qh3 Qg6 38.Qg4 Rg5 39.Qe4 1-0

[Event "Autunno Scacchistico Magistrale"]
[Site "Venezia ITA"]
[Date "2005.10.30"]
[Round "2"]
[White "Temi, Walter"]
[Black "Pomaro, Stefano"]
[Result "1/2-1/2"]
[WhiteElo "2086"]
[BlackElo "1919"]
[PlyCount "40"]
[EventDate "2005.10.29"]

1.e4 c6 2.c4 d5 3.exd5 Nf6 4.Nc3 cxd5 5.d4 Nc6 6.Nf3 Bg4 7.cxd5 Nxd5 8.Be2
e6 9.O-O Be7 10.Re1 O-O 11.Bd2 Bf6 12.Rc1 Bxf3 13.Bxf3 Bxd4 14.Nxd5 exd5 
15.Bc3 Qb6 16.Bxd4 Nxd4 17.Bxd5 Rad8 18.Bb3 Nxb3 19.Qxb3 Qxb3 20.axb3 Rd7 
1/2-1/2

[Event "Autunno Scacchistico Magistrale"]
[Site "Venezia ITA"]
[Date "2005.10.30"]
[Round "2"]
[White "Trangoni, Bruno"]
[Black "Rigo, Gianfrancesco"]
[Result "0-1"]
[WhiteElo "1946"]
[BlackElo "2028"]
[PlyCount "42"]
[EventDate "2005.10.29"]

1.d4 e6 2.Nf3 Nf6 3.Nbd2 c5 4.e3 Nc6 5.c3 d5 6.Bd3 Be7 7.O-O O-O 8.Qe2 b6 
9.dxc5 bxc5 10.e4 Qc7 11.h3 Bb7 12.Re1 Nd7 13.Nf1 Rae8 14.Ng3 Bd6 15.e5 
Ncxe5 16.Bxh7+ Kxh7 17.Ng5+ Kg8 18.Nh5 f6 19.Nxg7 Kxg7 20.Qh5 Rh8 21.Nxe6+
Rxe6 0-1

[Event "Autunno Scacchistico Magistrale"]
[Site "Venezia ITA"]
[Date "2005.10.30"]
[Round "2"]
[White "Velluti, Alberto"]
[Black "Lorenzini, Adriano"]
[Result "1/2-1/2"]
[WhiteElo "2014"]
[BlackElo "1907"]
[PlyCount "32"]
[EventDate "2005.10.29"]

1.e4 c6 2.d4 d5 3.exd5 cxd5 4.Nf3 Bg4 5.Bd3 e6 6.c3 Nf6 7.Bg5 Be7 8.Nbd2 
Nc6 9.O-O O-O 10.Rc1 Bh5 11.Re1 a6 12.Qc2 Bg6 13.Bxg6 hxg6 14.Ne5 Nxe5 15.
Rxe5 Qc7 16.Bxf6 gxf6 1/2-1/2

[Event "Autunno Scacchistico Magistrale"]
[Site "Venezia ITA"]
[Date "2005.10.30"]
[Round "3"]
[White "Artigas Isart, Miguel"]
[Black "Omeri, Silvan"]
[Result "1-0"]
[WhiteElo "2240"]
[BlackElo "2128"]
[PlyCount "93"]
[EventDate "2005.10.29"]

1.Nf3 c5 2.c4 Nc6 3.Nc3 e5 4.g3 d6 5.Bg2 Nf6 6.d3 Be7 7.O-O O-O 8.a3 Rb8 
9.Rb1 a5 10.Ne1 Bg4 11.Nc2 Qd7 12.Re1 Bh3 13.Bh1 h5 14.b4 h4 15.bxa5 hxg3 
16.hxg3 g6 17.Bh6 Rfd8 18.Qd2 Nxa5 19.Ne3 Be6 20.Ned5 Nc6 21.Nxf6+ Bxf6 
22.Bg5 Qe7 23.Bxf6 Qxf6 24.Ne4 Qg7 25.Qg5 f5 26.Nf6+ Kf7 27.Nd5 Rd7 28.Rb6
Rh8 29.Bf3 e4 30.dxe4 Bxd5 31.cxd5 Ne5 32.exf5 Qh6 33.fxg6+ Qxg6 34.Qxg6+ 
Kxg6 35.Be4+ Kf6 36.Rc1 Rc8 37.f4 Ng4 38.Bf3 Ne3 39.Rc3 Nf5 40.e4 Nxg3 41.
Kf2 Rg8 42.Rxc5 Ra8 43.Kxg3 Rxa3 44.Rxd6+ Rxd6 45.e5+ Ke7 46.exd6+ Kxd6 
47.Rb5 1-0

[Event "Autunno Scacchistico Magistrale"]
[Site "Venezia ITA"]
[Date "2005.10.30"]
[Round "3"]
[White "Bianchi, Andrea"]
[Black "Dervishi, Erald"]
[Result "0-1"]
[WhiteElo "2160"]
[BlackElo "2489"]
[PlyCount "54"]
[EventDate "2005.10.29"]

1.e4 e5 2.Nf3 Nc6 3.Bc4 Nf6 4.d3 Be7 5.O-O O-O 6.Re1 d6 7.a4 h6 8.c3 Nh7 
9.Nbd2 Ng5 10.Nxg5 Bxg5 11.Nf1 Bxc1 12.Qxc1 Ne7 13.f4 exf4 14.Qxf4 Kh8 15.
d4 f5 16.exf5 Bxf5 17.Qh4 Rf6 18.Re3 d5 19.Qe1 Ng6 20.Bd3 Bxd3 21.Rxd3 Qd7
22.Nd2 Nf4 23.Rf3 Re8 24.Qf1 Qg4 25.g3 Re2 26.Rxf4 Rxf4 27.Qxf4 Qh3 0-1

[Event "Autunno Scacchistico Magistrale"]
[Site "Venezia ITA"]
[Date "2005.10.30"]
[Round "3"]
[White "Bonafede, Alessandro"]
[Black "Redo, Stefano"]
[Result "1-0"]
[WhiteElo "2147"]
[BlackElo "1949"]
[PlyCount "85"]
[EventDate "2005.10.29"]

1.e4 c5 2.Nf3 e6 3.d4 cxd4 4.Nxd4 a6 5.Nc3 Qc7 6.Bd3 b5 7.O-O Bb7 8.Kh1 
Nf6 9.Qe2 h5 10.Bd2 Bc5 11.Nb3 Ba7 12.Bxb5 Ng4 13.f4 Nc6 14.Bd3 Nd4 15.
Nxd4 Bxd4 16.Nd1 g5 17.c3 Bb6 18.b3 Qd6 19.Ne3 a5 20.Nc4 Qc7 21.e5 gxf4 
22.Nd6+ Ke7 23.Bxf4 Rag8 24.Be4 Bxe4 25.Nxe4 Qc6 26.Qf3 Rg7 27.Rad1 Bc5 
28.h3 Rg6 29.Nxc5 Qxc5 30.Bg5+ f6 31.Bxf6+ Nxf6 32.exf6+ Kd8 33.Qa8+ Qc8 
34.Qxa5+ Qc7 35.Qb4 Qc6 36.Qb8+ Qc8 37.Qxc8+ Kxc8 38.f7 Rf8 39.Rd4 e5 40.
Rh4 Rg5 41.g4 hxg4 42.Rxg4 Rh5 43.Rg8 1-0

[Event "Autunno Scacchistico Magistrale"]
[Site "Venezia ITA"]
[Date "2005.10.30"]
[Round "3"]
[White "Cesaro, Giuliano"]
[Black "Gallo, Enrico"]
[Result "1/2-1/2"]
[WhiteElo "1954"]
[BlackElo "2113"]
[PlyCount "72"]
[EventDate "2005.10.29"]

1.d4 Nf6 2.Nf3 b6 3.c4 Bb7 4.Nc3 e6 5.a3 Be7 6.Qc2 d5 7.cxd5 Nxd5 8.e4 
Nxc3 9.bxc3 O-O 10.Bd3 c5 11.Be3 cxd4 12.cxd4 Nc6 13.O-O Rc8 14.Qb1 Na5 
15.Rc1 Rxc1+ 16.Bxc1 Qd7 17.Bd2 Rc8 18.Bxa5 bxa5 19.h4 Rc3 20.Qb2 Qc7 21.
Ne5 f6 22.Bc4 Rxc4 23.Nxc4 Bxe4 24.Rc1 Qf4 25.Ne3 Bd6 26.Qc3 h5 27.Nf1 
Qxh4 28.Qc8+ Kh7 29.Qxe6 Bxg2 30.Kxg2 Qg5+ 31.Ng3 Bxg3 32.Rc8 Bc7+ 33.Kf1 
Qb5+ 34.Kg1 Qg5+ 35.Kf1 Qb5+ 36.Kg2 Qg5+ 1/2-1/2

[Event "Autunno Scacchistico Magistrale"]
[Site "Venezia ITA"]
[Date "2005.10.30"]
[Round "3"]
[White "Del Monaco, Andrea"]
[Black "Sarakauskas, Gediminas"]
[Result "0-1"]
[WhiteElo "2234"]
[BlackElo "2437"]
[PlyCount "67"]
[EventDate "2005.10.29"]

1.e4 c5 2.Nf3 e6 3.Nc3 Nc6 4.Bb5 Nd4 5.O-O a6 6.Bd3 Ne7 7.Nxd4 cxd4 8.Ne2 
Nc6 9.c3 Bc5 10.b4 Ba7 11.a3 d5 12.cxd4 Nxd4 13.Bb2 dxe4 14.Bxe4 O-O 15.
Rc1 e5 16.Nxd4 Bxd4 17.Bxd4 Qxd4 18.Qf3 Rb8 19.Rc7 Qxd2 20.Rd1 Qg5 21.Rxf7
Rxf7 22.Bd5 Bf5 23.Bxf7+ Kxf7 24.h4 Qf6 25.Rc1 Kg8 26.Rc7 Be6 27.Qc3 Rd8 
28.Qg3 Bd5 29.Kh2 h6 30.a4 Be4 31.f3 Bc6 32.b5 axb5 33.axb5 Bd5 34.Kg1 0-1

[Event "Autunno Scacchistico Magistrale"]
[Site "Venezia ITA"]
[Date "2005.10.30"]
[Round "3"]
[White "Djuric, Stefan"]
[Black "Jurkovic, Ante"]
[Result "1-0"]
[WhiteElo "2460"]
[BlackElo "2339"]
[PlyCount "135"]
[EventDate "2005.10.29"]

1.e4 e6 2.d4 d5 3.e5 c5 4.c3 Nc6 5.Nf3 Bd7 6.Be2 Nh6 7.O-O Nf5 8.dxc5 Bxc5
9.b4 Be7 10.Bd3 Nh4 11.Nxh4 Bxh4 12.Qe2 Be7 13.b5 Na5 14.Qg4 g6 15.Bh6 Qc7
16.Re1 O-O-O 17.Nd2 Kb8 18.Qf3 Be8 19.Nb3 Rc8 20.Be3 Nc4 21.Bd4 Na3 22.Qe2
b6 23.f4 Bd7 24.Rac1 Qd8 25.Bf2 Be8 26.Nd4 Bc5 27.Nc6+ Bxc6 28.Bxc5 Nxb5 
29.Bf2 Na3 30.Qb2 Nc4 31.Qb4 Bb7 32.a4 Qd7 33.Bd4 Rc7 34.a5 bxa5 35.Qb3 
Ka8 36.Ra1 Ba6 37.Qa2 a4 38.Qxa4 Qxa4 39.Rxa4 Bb5 40.Ra2 Na3 41.Bxg6 fxg6 
42.Rxa3 Rb8 43.Kf2 Bc4 44.Kg3 Rb2 45.Rea1 a6 46.Rxa6+ Bxa6 47.Rxa6+ Kb7 
48.Rxe6 Kc8 49.h4 Rf7 50.Ra6 Re2 51.Kf3 Re1 52.Ra8+ Kd7 53.g3 Kc6 54.Ra5 
Rd7 55.Kg4 Re2 56.Kg5 Rf7 57.Rc5+ Kd7 58.Rxd5+ Ke8 59.Ra5 Rg2 60.Ra8+ Kd7 
61.Kg4 Ke6 62.Kf3 Rh2 63.Ra6+ Kd5 64.Rd6+ Kc4 65.e6 Rb7 66.Rd7 Rb1 67.Rxh7
Re1 68.Be5 1-0

[Event "Autunno Scacchistico Magistrale"]
[Site "Venezia ITA"]
[Date "2005.10.30"]
[Round "3"]
[White "Efimov, Igor"]
[Black "Alberti, Andrea"]
[Result "1-0"]
[WhiteElo "2403"]
[BlackElo "2179"]
[PlyCount "35"]
[EventDate "2005.10.29"]

1.d4 d5 2.c4 dxc4 3.e3 Nf6 4.Bxc4 e6 5.Nf3 c5 6.O-O a6 7.b3 b5 8.Be2 Bb7 
9.a4 b4 10.Bb2 Nbd7 11.Nbd2 Be7 12.Nc4 O-O 13.Rc1 cxd4 14.Nxd4 Nb6 15.Na5 
Nxa4 16.Nxb7 Nxb2 17.Nxd8 Nxd1 18.N8c6 1-0

[Event "Autunno Scacchistico Magistrale"]
[Site "Venezia ITA"]
[Date "2005.10.30"]
[Round "3"]
[White "Lorenzini, Adriano"]
[Black "Guglielmi, Dante"]
[Result "0-1"]
[WhiteElo "1907"]
[BlackElo "2030"]
[PlyCount "48"]
[EventDate "2005.10.29"]

1.d4 d5 2.c4 e6 3.Nf3 Nf6 4.Nc3 Be7 5.Bg5 Nbd7 6.e3 O-O 7.Rc1 b6 8.cxd5 
exd5 9.Bd3 c5 10.O-O Bb7 11.dxc5 Nxc5 12.Bb1 Nce4 13.Bf4 Rc8 14.Qd3 Rc5 
15.Nxe4 dxe4 16.Qxd8 Rxd8 17.Nd4 Nh5 18.Rxc5 bxc5 19.Nb5 Nxf4 20.exf4 Rd2 
21.b3 e3 22.f3 e2 23.Re1 c4 24.h3 Bh4 0-1

[Event "Autunno Scacchistico Magistrale"]
[Site "Venezia ITA"]
[Date "2005.10.30"]
[Round "3"]
[White "Marson, Antonio"]
[Black "Marson, Luca"]
[Result "1/2-1/2"]
[WhiteElo "1854"]
[BlackElo "1972"]
[PlyCount "53"]
[EventDate "2005.10.29"]

1.d4 Nf6 2.Nf3 g6 3.Bf4 Bg7 4.h3 d6 5.e3 O-O 6.Be2 Nbd7 7.O-O Qe8 8.c4 e5 
9.Bh2 Qe7 10.Nc3 c6 11.b4 a5 12.c5 axb4 13.cxd6 Qxd6 14.dxe5 Qxd1 15.Nxd1 
Ne4 16.Rc1 Nb6 17.Bd3 Nc3 18.Nxc3 bxc3 19.Rxc3 Rxa2 20.Rb3 Nd5 21.Bc4 b5 
22.Rxb5 Rxf2 23.Rxf2 Nxe3 24.Rc5 Rd8 25.Rd2 Re8 26.Bxf7+ Kxf7 27.Ng5+ 
1/2-1/2

[Event "Autunno Scacchistico Magistrale"]
[Site "Venezia ITA"]
[Date "2005.10.30"]
[Round "3"]
[White "Opacic, Alexandar"]
[Black "Faccia, Sergio"]
[Result "0-1"]
[WhiteElo "2122"]
[BlackElo "2004"]
[PlyCount "76"]
[EventDate "2005.10.29"]

1.e4 e5 2.Nf3 f5 3.Nc3 fxe4 4.Nxe5 Nf6 5.d4 d6 6.Nc4 d5 7.Ne5 Be6 8.Be2 
Bd6 9.f4 O-O 10.Be3 Nbd7 11.O-O c5 12.Nb5 cxd4 13.Bxd4 Bb8 14.a4 Nxe5 15.
fxe5 Nd7 16.Rxf8+ Qxf8 17.Bg4 Qe7 18.Bxe6+ Qxe6 19.Qh5 Bxe5 20.Bxe5 Qxe5 
21.Qxe5 Nxe5 22.Rd1 Rd8 23.Nxa7 Nc4 24.b3 Ne3 25.Rd2 d4 26.Nb5 Nxc2 27.
Rxc2 d3 28.Ra2 e3 29.Kf1 Rc8 30.Ra1 Rc5 31.Rb1 Rf5+ 32.Kg1 d2 33.Nc3 Kf7 
34.Rd1 Kf6 35.Ne2 Ke5 36.g3 Ke4 37.Nf4 g5 38.Ne6 Kd3 0-1

[Event "Autunno Scacchistico Magistrale"]
[Site "Venezia ITA"]
[Date "2005.10.30"]
[Round "3"]
[White "Pfeifer, Andreas"]
[Black "Mosconi, Ariel Oscar"]
[Result "1/2-1/2"]
[WhiteElo "2130"]
[BlackElo "2164"]
[PlyCount "126"]
[EventDate "2005.10.29"]

1.e4 g6 2.d4 Bg7 3.Nc3 c6 4.Bc4 Qb6 5.Nf3 d6 6.O-O Nh6 7.Bb3 Bg4 8.Be3 Qa5
9.h3 Bxf3 10.Qxf3 e6 11.Qg3 d5 12.Qh4 Ng8 13.Rad1 Nd7 14.Rfe1 Kf8 15.Bf4 
Bf6 16.Bg5 Qd8 17.Bxf6 Qxf6 18.Qg3 Kg7 19.Qc7 Qd8 20.Qxb7 Ne7 21.Qa6 Nf6 
22.Qd3 h5 23.g3 h4 24.g4 Qc7 25.Qe3 Rag8 26.exd5 Nexd5 27.Qe5 Qxe5 28.dxe5
Nd7 29.Nxd5 cxd5 30.c4 Nc5 31.cxd5 Nxb3 32.axb3 exd5 33.Rxd5 Rd8 34.Red1 
Rb8 35.R1d3 Rhc8 36.Rd7 Rc1+ 37.Kg2 Re1 38.Rf3 Rf8 39.Rxa7 Rxe5 40.b4 Re2 
41.Raa3 Rxb2 42.Rab3 Ra2 43.b5 Rb8 44.Rf4 Ra5 45.b6 Rb7 46.Kf3 Ra6 47.Rfb4
Kf6 48.Ke4 Ke6 49.Kf4 f6 50.Ke4 Kd6 51.Kd4 Ra5 52.Rf3 Rd5+ 53.Kc4 Rc5+ 54.
Kb3 Ke6 55.Rc3 Kd5 56.Rxc5+ Kxc5 57.Kc3 Rxb6 58.Rxb6 Kxb6 59.Kd4 Kc6 60.f4
Kd6 61.Ke4 Ke6 62.f5+ gxf5+ 63.gxf5+ Kd6 1/2-1/2

[Event "Autunno Scacchistico Magistrale"]
[Site "Venezia ITA"]
[Date "2005.10.30"]
[Round "3"]
[White "Pietrobon, Fabio"]
[Black "Drezzadore, Dario"]
[Result "1/2-1/2"]
[WhiteElo "2166"]
[BlackElo "2061"]
[PlyCount "86"]
[EventDate "2005.10.29"]

1.d4 Nf6 2.Nf3 g6 3.Bg5 Bg7 4.Nbd2 O-O 5.c3 d6 6.e4 h6 7.Bh4 c5 8.dxc5 
dxc5 9.Bc4 Nc6 10.O-O g5 11.Bg3 Bg4 12.Qc2 e6 13.Rad1 Qe7 14.a4 Rad8 15.
Ba2 Bh5 16.Bb1 Nd7 17.Nc4 Bxf3 18.e5 Be4 19.Qxe4 f5 20.exf6 Nxf6 21.Qc2 
Rxd1 22.Rxd1 Rd8 23.Rxd8+ Qxd8 24.h3 Qd5 25.Ne3 Qd7 26.b3 Ne7 27.Be5 Ned5 
28.Nc4 b6 29.Nd6 Nf4 30.Nc4 Qd5 31.Bxf4 gxf4 32.Qe2 f3 33.Qxf3 Qxf3 34.
gxf3 Nd5 35.Nd6 Nxc3 36.Bd3 Nd5 37.Nc8 Nf4 38.Bf1 Be5 39.Nxa7 Kg7 40.Nb5 
Kg6 41.Na3 Kg5 42.Nc4 Bc7 43.Ne3 h5 1/2-1/2

[Event "Autunno Scacchistico Magistrale"]
[Site "Venezia ITA"]
[Date "2005.10.30"]
[Round "3"]
[White "Rigo, Gianfrancesco"]
[Black "Pastres, Roberto"]
[Result "0-1"]
[WhiteElo "2028"]
[BlackElo "2160"]
[PlyCount "84"]
[EventDate "2005.10.29"]

1.Nf3 d5 2.b3 c6 3.Bb2 Bf5 4.d3 h6 5.g3 e6 6.Bg2 Nf6 7.O-O Nbd7 8.Nbd2 Bh7
9.Qe1 Be7 10.e4 O-O 11.e5 Ne8 12.Qe2 Nc7 13.Rfe1 a5 14.a4 Na6 15.Nd4 Nb4 
16.N2f3 Nc5 17.Rad1 Qd7 18.Bc3 Nca6 19.Ra1 Nc7 20.Nh4 c5 21.Nb5 Nxb5 22.
axb5 Qxb5 23.f4 c4 24.bxc4 dxc4 25.dxc4 Qc5+ 26.Kh1 Nxc2 27.f5 Nxe1 28.
Bxe1 Bxh4 29.gxh4 Bxf5 30.Bxb7 Rab8 31.Rxa5 Qd4 32.Bf2 Qc3 33.Be1 Qc1 34.
Rb5 Bd3 35.Qxd3 Qxe1+ 36.Kg2 Rfd8 37.Qe4 Rd2+ 38.Kh3 Qf1+ 39.Kg4 Qg1+ 40.
Kh5 Rd4 41.Qg2 g6+ 42.Kxh6 Qc1+ 0-1

[Event "Autunno Scacchistico Magistrale"]
[Site "Venezia ITA"]
[Date "2005.10.30"]
[Round "3"]
[White "Roberti, Ignazio"]
[Black "Rogulj, Branko"]
[Result "0-1"]
[WhiteElo "1937"]
[BlackElo "2393"]
[PlyCount "92"]
[EventDate "2005.10.29"]

1.e4 Nf6 2.Nc3 e6 3.d4 d5 4.Bg5 Be7 5.e5 Nfd7 6.Bxe7 Qxe7 7.f4 a6 8.Nf3 c5
9.Bd3 Nc6 10.dxc5 Qxc5 11.Qd2 b5 12.Qf2 Qb4 13.Qd2 Qxb2 14.O-O Qa3 15.Kh1 
Qc5 16.Rab1 h6 17.Ne2 g6 18.c3 Nb6 19.Nfd4 Bd7 20.Nb3 Nc4 21.Bxc4 Qxc4 22.
Ned4 Rc8 23.Rfc1 Kf8 24.Qe3 Ne7 25.Rb2 Qc7 26.g4 h5 27.f5 exf5 28.gxf5 
Nxf5 29.Nxf5 Bxf5 30.Qf4 Re8 31.Qb4+ Kg7 32.Qd6 Qxd6 33.exd6 Rd8 34.a4 
bxa4 35.Nc5 Rxd6 36.Nxa4 Rc8 37.Kg1 Rc4 38.Nb6 Rg4+ 39.Kf2 Rf4+ 40.Kg3 g5 
41.Rd1 h4+ 42.Kg2 Be4+ 43.Kg1 Rg4+ 44.Kf1 Rf6+ 45.Ke1 Rg1+ 46.Ke2 Bf3+ 0-1

[Event "Autunno Scacchistico Magistrale"]
[Site "Venezia ITA"]
[Date "2005.10.30"]
[Round "3"]
[White "Sarakauskiene, Zivile"]
[Black "Giuriati, Paolo"]
[Result "1-0"]
[WhiteElo "2161"]
[BlackElo "2236"]
[PlyCount "87"]
[EventDate "2005.10.29"]

1.e4 c6 2.d4 d5 3.Nc3 dxe4 4.Nxe4 Bf5 5.Ng3 Bg6 6.Nf3 Nd7 7.h4 h6 8.h5 Bh7
9.Bd3 Bxd3 10.Qxd3 Ngf6 11.Bf4 e6 12.O-O-O Be7 13.Kb1 O-O 14.Ne4 Nxe4 15.
Qxe4 Nf6 16.Qe2 a5 17.Ne5 a4 18.a3 Rc8 19.g4 Nd5 20.Bd2 b5 21.f4 b4 22.
axb4 Nxb4 23.g5 a3 24.Bxb4 Bxb4 25.gxh6 Qa5 26.Qg4 g6 27.Nxg6 Kh7 28.Nxf8+
Bxf8 29.Rh3 axb2 30.Kxb2 Rb8+ 31.Rb3 Qa3+ 32.Kc3 Qa5+ 33.Kd3 Rd8 34.c3 
Bxh6 35.Rdb1 Qa6+ 36.Ke3 c5 37.Rb7 cxd4+ 38.cxd4 Qa3+ 39.Kf2 Qd3 40.Rxf7+ 
Kh8 41.Rd1 Qc2+ 42.Qe2 Qc3 43.Qd3 Qxd3 44.Rxd3 1-0

[Event "Autunno Scacchistico Magistrale"]
[Site "Venezia ITA"]
[Date "2005.10.30"]
[Round "3"]
[White "Tomelleri, Alessio"]
[Black "Temi, Walter"]
[Result "0-1"]
[WhiteElo "1994"]
[BlackElo "2086"]
[PlyCount "58"]
[EventDate "2005.10.29"]

1.e4 b6 2.d4 Bb7 3.Bd3 e6 4.Nf3 c5 5.O-O cxd4 6.Nxd4 Nc6 7.Nxc6 dxc6 8.Qe2
Qc7 9.Nd2 e5 10.Nf3 Nf6 11.Nh4 O-O-O 12.a4 a5 13.Bd2 c5 14.Bg5 Be7 15.Nf5 
h6 16.Nxe7+ Qxe7 17.Bc1 Nd7 18.c3 Nf8 19.b4 cxb4 20.cxb4 axb4 21.Be3 Rd6 
22.a5 Ne6 23.Bxb6 Nf4 24.Qg4+ Kb8 25.Bb5 Rg6 26.Qf3 f5 27.a6 Bxe4 28.Qxe4 
fxe4 29.g3 Rxb6 0-1

[Event "Autunno Scacchistico Magistrale"]
[Site "Venezia ITA"]
[Date "2005.10.30"]
[Round "3"]
[White "Trangoni, Bruno"]
[Black "Redo, Giorgio"]
[Result "0-1"]
[WhiteElo "1946"]
[BlackElo "2037"]
[PlyCount "38"]
[EventDate "2005.10.29"]

1.d4 c5 2.e3 e6 3.Nf3 Nf6 4.Bd3 d5 5.c3 Nc6 6.Nbd2 Bd6 7.O-O O-O 8.Re1 e5 
9.e4 cxd4 10.cxd4 Bg4 11.Qb3 dxe4 12.Nxe4 Bxf3 13.Nxd6 Qxd6 14.gxf3 Nxd4 
15.Qd1 Rad8 16.Be4 Nxe4 17.fxe4 f5 18.Bg5 Qg6 19.h4 h6 0-1

[Event "Autunno Scacchistico Magistrale"]
[Site "Venezia ITA"]
[Date "2005.10.30"]
[Round "3"]
[White "Ventura, Sergio"]
[Black "Pomaro, Stefano"]
[Result "1-0"]
[WhiteElo "2100"]
[BlackElo "1919"]
[PlyCount "65"]
[EventDate "2005.10.29"]

1.c4 f5 2.Nc3 Nf6 3.g3 e5 4.Bg2 Nc6 5.a3 Be7 6.b4 O-O 7.Bb2 Qe8 8.Nd5 Bd8 
9.b5 Na5 10.Qa4 c6 11.Nxf6+ Rxf6 12.Bc3 b6 13.f4 exf4 14.gxf4 Rg6 15.Bf3 
Bh4+ 16.Kf1 Qe6 17.Bxa5 bxa5 18.e3 Bb7 19.Rc1 cxb5 20.Bxb7 bxa4 21.Bd5 Rb8
22.Nf3 Bf6 23.Rg1 Rxg1+ 24.Kxg1 Rb3 25.Bxe6+ dxe6 26.c5 Rb7 27.d4 Kf7 28.
Rc4 Ke7 29.Rxa4 Kd7 30.Rxa5 Kc6 31.Kf2 h6 32.Ra6+ Kd7 33.c6+ 1-0

[Event "Autunno Scacchistico Magistrale"]
[Site "Venezia ITA"]
[Date "2005.10.30"]
[Round "3"]
[White "Xia, Jie"]
[Black "De Nardi, Riccardo"]
[Result "1-0"]
[WhiteElo "2111"]
[BlackElo "1943"]
[PlyCount "71"]
[EventDate "2005.10.29"]

1.e4 c5 2.Nf3 d6 3.d4 cxd4 4.Nxd4 Nf6 5.f3 g6 6.c4 Nc6 7.Be3 Bg7 8.Qd2 O-O
9.Nc3 Bd7 10.Be2 a6 11.O-O Rc8 12.Rfc1 Ne5 13.b3 Qc7 14.Nd5 Nxd5 15.cxd5 
Qb8 16.h3 Be8 17.Rxc8 Qxc8 18.Rc1 Qb8 19.Qc2 Nd7 20.Qc7 Qxc7 21.Rxc7 b5 
22.Ra7 Nb8 23.Rxe7 Nd7 24.Nc6 Bf6 25.Bd4 Kg7 26.Bxf6+ Kxf6 27.Kf2 g5 28.
Ke3 h6 29.f4 Rg8 30.Bg4 gxf4+ 31.Kxf4 Ne5 32.Ra7 Nxg4 33.hxg4 h5 34.Rxa6 
Rxg4+ 35.Kf3 Kg5 36.Nd4 1-0

[Event "Autunno Scacchistico Magistrale"]
[Site "Venezia ITA"]
[Date "2005.10.30"]
[Round "3"]
[White "Zanin, Dario"]
[Black "Velluti, Alberto"]
[Result "1/2-1/2"]
[WhiteElo "2044"]
[BlackElo "2014"]
[PlyCount "65"]
[EventDate "2005.10.29"]

1.e4 c5 2.Nf3 Nc6 3.d4 cxd4 4.Nxd4 Nf6 5.Nc3 e6 6.Ndb5 Bb4 7.a3 Bxc3+ 8.
Nxc3 d5 9.exd5 Nxd5 10.Nxd5 exd5 11.Qe2+ Be6 12.Be3 Qa5+ 13.Qd2 Qxd2+ 14.
Bxd2 Bf5 15.O-O-O O-O 16.Be3 Rac8 17.Bd3 Be6 18.f4 f6 19.Rhe1 Rfe8 20.Bf2 
a6 21.h3 Na5 22.Kb1 Nc4 23.g4 Nd6 24.Bg3 Ne4 25.Bxe4 dxe4 26.f5 Bc4 27.b3 
Bb5 28.c4 Bc6 29.Bf4 Rcd8 30.Kc1 Rxd1+ 31.Kxd1 Rd8+ 32.Kc2 Rd3 33.Re3 
1/2-1/2